| 000 | 02293nam0a2200397 4500 | ||
|---|---|---|---|
| 001 | RU\NLR\bibl\861066 | ||
| 005 | 20260405065445.0 | ||
| 010 |
_a5-328-00051-X _bв обл. _9100 |
||
| 021 |
_aRU _b2005-34640 _91730 |
||
| 035 | _a(nilc)RSL-KNO-002673041 | ||
| 035 | _a(NLR Aleph) 000849746 | ||
| 090 |
_a1472453 _c1472453 |
||
| 100 | _a20050606d2004 |||y0rusy50 ca | ||
| 101 | 0 | _arus | |
| 102 | _aRU | ||
| 105 | _aa ||||||||| | ||
| 106 | _ar | ||
| 200 | 1 |
_aФилософское учение об обществе, государстве и современность _e(региональный аспект) _fВ.А. Корчмит, А.В. Корчмит |
|
| 210 |
_aПетропавловск-Камчатский _cредакционно-издательский отдел Камчатского государственного технического университета _d2004 _gПолигр. участок РИО КамчатГТУ |
||
| 215 |
_a122, [1] с. _cил. _d21 |
||
| 320 | _aБиблиогр.: с. 89-93 (75 назв.) и в подстроч. примеч. | ||
| 607 |
_aРоссийская Федерация _xНародное хозяйство _xФилософские вопросы _92311273 _3RU\NLR\auth\661383253 |
||
| 610 | 0 | _aГосударство и право. Юридические науки -- Общая теория государства и права -- Буржуазная теория государства и права. Философия права и политическая наука -- Общая теория права | |
| 610 | 0 | _aСоциология -- Социальные институты -- Политические институты -- Государство, власть, политика | |
| 610 | 0 | _aфилософия права | |
| 686 |
_aХ082.2,0 _2rubbk |
||
| 686 |
_aC555.511,0 _2rubbk |
||
| 686 |
_aЮ252 _bУ |
||
| 700 | 1 |
_4070 _8rus _7ca _aКорчмит _bВ. А. _f1944- _gВладимир Александрович _3RU\NLR\auth\7723245 _96299 |
|
| 701 | 1 |
_aКорчмит _bА. В. _gАлексей Владимирович _4070 |
|
| 801 | 0 |
_aRU _bRuMoRKP _c20050606 _grcr |
|
| 801 | 1 |
_aRU _bRuMoRGB _c20050606 |
|
| 801 | 2 |
_aRU _bNLR _c20051026 _grcr |
|
| 942 | _cBOOK | ||
| 980 | _aNB | ||